01247cam a2200289 a 4500999001700000001000800017005001700025008004100042010001700083020002800100043001200128050002500140100005600165245015800221260004800379300006300427440005000490500002000540504003000560600004600590610004800636610005800684651005400742700002000796942001500816952012600831 c26375d26375144354520170204095956.0851021s1987 ctuaf b 001 0 eng  a 85026464  a0300031432 (alk. paper) ae-fr---00aNA5551 .S214C76 19871 aCrosby, Sumner McK.q(Sumner McKnight),d1909-1982.14aThe Royal Abbey of Saint-Denis :bfrom its beginnings to the death of Suger, 475-1151 /cSumner McKnight Crosby ; edited and completed by Pamela Z. Blum. aNew Haven :bYale University Press,cc1987. axxiii, 525 p., 3 folded leaves of plates :bill. ;c29 cm. 0aYale publications in the history of art ;v37 aIncludes index. aBibliography: p. 503-515.00aSuger,cAbbot of Saint Denis,d1081-1151.20aAbbaye de Saint-Denis (Saint-Denis, France)20aEglise abbatiale de Saint-Denis (Saint-Denis, France) 0aSaint-Denis (France)xBuildings, structures, etc.1 aBlum, Pamela Z. 2lcccBOOKS 00102lcc4070aMUCbMUCcTECHd2017-02-04eDonation(BFA)l0oNA5551 .S214C76 1987p34029r2018-07-13w2017-02-04yBOOKS